| 000 | 00438nam a2200145 a 4500 | ||
|---|---|---|---|
| 001 | 000039690 | ||
| 005 | 20240313073817.0 | ||
| 008 | 130716s1998 dr 000 0 spa d | ||
| 040 |
_aDO-SdBNP _bspa _cBNPHU |
||
| 100 | 1 |
_aCollado, Lipe, _d1947- _979819 |
|
| 245 | 1 | 0 |
_aCómo organizar la rueda de prensa y realizar la entrevista / _cLipe Collado. |
| 250 | _a2a ed. | ||
| 260 |
_aSanto Domingo : _bCollado, _c1998. |
||
| 300 |
_a66 p. ; _c22 cm. |
||
| 999 |
_c39180 _d39180 |
||